Statistiques concernant Ils ont joué avec Zlatan Ibrahimovic

Cliquez ici pour prendre le quiz!

Statistiques générales

  • Ce quiz a été pris 149 fois
  • Le résultat moyen est 6 sur 10

Statistiques - réponses

ClubsEn activité / RetraitéJoueur% Correct
EC Vitória, Benfica, Chelsea, Paris SG, Chelsea, Arsenal, FlamengoEn activitéDavid Luiz
92%
Lens, Toulouse, Paris, Tottenham, Villarreal, Nottingham Forrest, GalatasarayEn activitéSerge Aurier
69%
Ajax, Real Madrid, Inter Milan, Galatasaray, Nice, Al-GharafaRetraitéWesley Sneijder
68%
Sporting CP, Barcelone, Real Madrid, InterRetraitéLuís Figo
60%
RCD Espanyol, Villarreal, Manchester United, OM, BesiktasEn activitéEric Bailly
58%
Barcelone, Atlético Madrid, Genoa, Inter, Paris SGRetraitéThiago Motta
56%
Manchester City, Real Madrid, AC Milan, Real MadridEn activitéBrahim Díaz
54%
Guegnon, Clermont, Rennes, OM, LA Galaxy, Qingdao, ShenzhenRetraitéRomain Alessandrini
45%
SC Internacional, AC Milan, SC Corinthians, São Paulo, Chelsea, Villarreal, Tianjin Tianhai, Orlando, São PauloRetraitéAlexandre Pato
35%
Naples, Parme, Inter Milan, Juventus, Real Madrid, Juventus,
Al-Ahli
RetraitéFabio Cannavaro
21%

Distribution des résultats

Percentile par nombre de réponses

% des personnes avec chaque résultat

Votre développement - résultats

Vous n’avez pas pris ce quiz